<?xml version="1.0" encoding="UTF-8"?>
<record
    xmlns:xsi="http://www.w3.org/2001/XMLSchema-instance"
    xsi:schemaLocation="http://www.loc.gov/MARC21/slim http://www.loc.gov/standards/marcxml/schema/MARC21slim.xsd"
    xmlns="http://www.loc.gov/MARC21/slim">

  <leader>00531nam a22001817a 4500</leader>
  <controlfield tag="005">20260513161455.0</controlfield>
  <controlfield tag="008">260513b        |||||||| |||| 00| 0 eng d</controlfield>
  <datafield tag="020" ind1=" " ind2=" ">
    <subfield code="a">9781032262192</subfield>
  </datafield>
  <datafield tag="041" ind1=" " ind2=" ">
    <subfield code="a">Eng</subfield>
  </datafield>
  <datafield tag="082" ind1=" " ind2=" ">
    <subfield code="a">330 SCH</subfield>
  </datafield>
  <datafield tag="100" ind1=" " ind2=" ">
    <subfield code="a">Sch&#xE4;fer, Georg N</subfield>
  </datafield>
  <datafield tag="245" ind1=" " ind2=" ">
    <subfield code="a">Mapping Mainstream Economics Genealogical Foundations of Alternativity</subfield>
  </datafield>
  <datafield tag="260" ind1=" " ind2=" ">
    <subfield code="a">New York</subfield>
    <subfield code="b"> Routledge</subfield>
    <subfield code="c">2024</subfield>
  </datafield>
  <datafield tag="300" ind1=" " ind2=" ">
    <subfield code="a">77;. P. 22 cm</subfield>
  </datafield>
  <datafield tag="650" ind1=" " ind2=" ">
    <subfield code="a">Economics--Philosophy; Economics--Sociological aspects</subfield>
  </datafield>
  <datafield tag="700" ind1=" " ind2=" ">
    <subfield code="a">Schuster, S&#xF6;ren E.</subfield>
  </datafield>
  <datafield tag="942" ind1=" " ind2=" ">
    <subfield code="c">BK</subfield>
  </datafield>
  <datafield tag="999" ind1=" " ind2=" ">
    <subfield code="c">46567</subfield>
    <subfield code="d">46567</subfield>
  </datafield>
  <datafield tag="952" ind1=" " ind2=" ">
    <subfield code="0">0</subfield>
    <subfield code="1">0</subfield>
    <subfield code="2">ddc</subfield>
    <subfield code="4">0</subfield>
    <subfield code="7">0</subfield>
    <subfield code="a">IMTN</subfield>
    <subfield code="b">IMTN</subfield>
    <subfield code="c">Rack 7-A</subfield>
    <subfield code="d">2026-05-13</subfield>
    <subfield code="e">Raghav Books Private Limited</subfield>
    <subfield code="g">7122.30</subfield>
    <subfield code="i">2630</subfield>
    <subfield code="l">0</subfield>
    <subfield code="o">330 SCH</subfield>
    <subfield code="p">34034</subfield>
    <subfield code="r">2026-05-13 10:46:43</subfield>
    <subfield code="t">33</subfield>
    <subfield code="v">4771.94</subfield>
    <subfield code="w">2026-04-30</subfield>
    <subfield code="y">BK</subfield>
    <subfield code="z">Recommended by Dr Veena Pailwar</subfield>
  </datafield>
</record>
